000 00508nam a2200169Ia 4500
003 GCL
008 140319s9999 xx 000 0 ara d
040 _aGCL /
_cGCL
082 0 4 _a956.533
_bا ج
100 1 _aاسامة يوسف شهاب
245 1 0 _aجرش: تاريخها وحضارتها: دراسة فى الموقع والسكان /
_cاسامة يوسف شهاب
490 _aكتاب
_v0
650 0 4 _aالاردن
650 0 4 _aالاردن - تاريخ
650 0 4 _aجرش
942 _2ddc
_cBK
999 _c42141
_d42141